Aadivasi viddroh (Record no. 438941)

000 -LEADER
fixed length control field 00305cam a22001097a 4500
008 - FIXED-LENGTH DATA ELEMENTS--GENERAL INFORMATION
fixed length control field 180718b2005 xxu||||| |||| 00| 0 eng d
082 ## - DEWEY DECIMAL CLASSIFICATION NUMBER
Classification number BA27x54 SH23
100 ## - MAIN ENTRY--PERSONAL NAME
Personal name Sharma, Ganesh Sanker
245 ## - TITLE STATEMENT
Title Aadivasi viddroh
Statement of responsibility, etc. Ganesh Sanker Sharma
260 ## - PUBLICATION, DISTRIBUTION, ETC.
Place of publication, distribution, etc. Nagpur
Name of publisher, distributor, etc. Vishvabharti Prakashan
Date of publication, distribution, etc. 2005
300 ## - PHYSICAL DESCRIPTION
Extent 83p.
Holdings
Withdrawn status Lost status Damaged status Not for loan Permanent Location Current Location Date acquired Full call number Barcode Date last seen Price effective from Koha item type
        Indian Institute of Public Administration Indian Institute of Public Administration 2010-04-20 BA27x54 SH23 81824 2018-07-21 2018-07-21 Book

Powered by Koha